00371 a2200109 4500001001000000005001700010008004100027245006000068100001800128773009800146999001700244ART_4771620260410162018.0260409a 10aAspectos procedimentales de las acciones de filiación1 aOlmo, Juan P.0 tTemas de derecho de familia, sucesiones y bioéticag- Año 3, N° 10 (oct. 2018)wREV41029 c32863d32863